Montserrat, juliol de 1936 / Narcís Xifra i Riera...
Descripción Física:
354 p. ; 22 cm
MARC
| LEADER | 00000nam a2200000Ia 4500 | ||
|---|---|---|---|
| 001 | 11298 | ||
| 008 | 160829s1975 xx 000 0 cat d | ||
| 080 | |a H-1-145 | ||
| 100 | |a Xifra i Riera, Narcís |9 32527 | ||
| 245 | |a Montserrat, juliol de 1936 / Narcís Xifra i Riera... | ||
| 260 | |a Barcelona : |b [l'autor], (Imp. Casa Prov. de Caritat), |c 1975 | ||
| 300 | |a 354 p. ; |c 22 cm | ||
| 590 | |a Aquest llibre és una nova edició, corregida i augmentada d''El 19 de juliol de 1936 al monestir de Montserrat' | ||
| 650 | |a Montserrat (Monestir) |x Història |x 1936 |9 32529 | ||
| 651 | 0 | |a Catalunya |x Història |y 1936-1939, Guerra Civil |9 54678 | |
| 901 | |a Arxiu | ||
| 942 | |n 1 | ||
| 952 | |0 0 |1 0 |4 0 |6 H1145 |7 1 |9 46021 |a Arxiu |b Arxiu |d 2016-12-01 |l 0 |o H-1-145 |p 11298 |r 2016-12-01 00:00:00 |w 2016-12-01 |y ARXIU | ||
| 999 | |c 49522 |d 49522 | ||